000 00611nam a2200253Ia 4500
003 OSt
005 20220918203836.0
006 a|||||r|||| 00| 0
007 ta
008 220917b |||||||| |||| 00| 0 eng d
024 _a110,009
037 _cTextual
040 _aARTS
_cARTS
_beng
041 _2eng
_aeng
082 _aV45.D, L6
100 _aFrye R N
_9109886
245 0 _aHertiage of Persia
250 _a2nd
260 _aLondon
_bCardinal
_c1976
300 _axii, 330p.
_ccm.
650 _aHISTORY
942 _hV45.D, L6
_cTEXL
_2CC
999 _c233359
_d233359